Le problème hittite /

محفوظ في:

المؤلف الرئيسي: Cavaignac, E., 1876-1969 (مؤلف)

التنسيق: كتاب

اللغة: French

منشور في: Paris : Librairie Ernest Leroux, 1936.

سلاسل: Études d'archéologie et d'histoire.

الموضوعات:

الوسوم: إضافة وسم

لا توجد وسوم, كن أول من يضع وسما على هذه التسجيلة!

رقم الطلب: DS66 .C28 1936

LEADER 00853namaa2200265 4500
001 20883
003 OSt
005 20260203101703.0
008 130303s1936 fr bef b 000 0 fre d
040 |c ARCE Library 
043 |a a-tu--- 
050 4 |a DS66 .C28 1936 
100 1 |a Cavaignac, E.,   |q (Eugène),   |d 1876-1969,   |e author  |9 27836 
245 1 3 |a Le problème hittite /  |c par Eugène Cavaignac. 
264 1 |a Paris :  |b Librairie Ernest Leroux,   |c 1936. 
300 |a xviii, 200 pages :  |b 8 plates on 4 leaves, folded map, folded plans ;  |c 20 cm. 
490 0 |a Études d'archéologie et d'histoire. 
500 |a "La hittitologie" : pages [ix]-xviii. 
504 |a Includes bibliographical references. 
650 0 |a Hittites. 
651 0 |a Turkey  |x Civilization. 
651 0 |a Turkey  |x Antiquities. 
901 |a reviewed 
942 |c BK  |2 lcc 
999 |c 18437  |d 18437